000 004690000a22001810004500
090 _aAR
_b03979
245 1 0 _aBosque seco tropical
300 _a52-67
650 1 4 _aClima
_992779
650 1 4 _aTopografía
_9605
650 1 4 _aCobertura vegetal
_992269
650 1 4 _aInventarios de vegetación
_993148
651 4 _pColombia
_992749
041 0 _aEspañol
260 _c1963
942 _cARTICULO
773 1 _tEn Espinal, Sigifredo/ Formaciones vegetales de Colombia
999 _c13013
_d13013